00940nam a22002297a 4500003001100000005001700011008004100028020001800069040003900087041000800126082001500134100001700149245005400166260003100220300004100251520023700292650003700529650003200566942000700598952009000605999001500695LK-CoMWRAF20240120153105.0240120b2006 |||||||| |||| 00| 0 eng d a9780713999389 aLK-CoMWRAFdLK-CoMWRAFeLK-CoMWRAF aeng a303.6bSEN aSen, Amartya aIdentity and violence : bthe illusion of destiny aLondon:bAllen Lane,c2006 a xx, 215 p. ; 22 cm.bIndex included aAmartya Sen argues that most of the conflicts in the contemporary world arise from individuals' notions of who they are, and which groups they belong to - local, national, religious - which define themselves in opposition to others  aIdentity (Philosophical concept) aViolence- Religious aspects cBK 00104070aMAINbMAINd2024-01-20l0o303.6 SENpRAF4792r2024-01-20w2024-01-20yBK c4660d4660